کليا ت مکا تيب ا قبا ل جلد سو م جنو ر ی 1929ء سے د سمبر 1934ء تک (Record no. 172486)

MARC details
000 -LEADER
fixed length control field 00777nam a22001937a 4500
005 - DATE AND TIME OF LATEST TRANSACTION
control field 20200206104817.0
010 ## - LCCN (DPL NO)
LC control number A-842710
020 ## - INTERNATIONAL STANDARD BOOK NUMBER
Terms of availability 200.00
International Standard Book Number 8171210872
035 ## - SYSTEM CONTROL NUMBER
System control number A-842710
037 ## - SOURCE OF ACQUISITION
Source of stock number/acquisition DBAD/PUB
Stock number -
082 ## - DEWEY DECIMAL CLASSIFICATION NUMBER
Classification number 846
100 ## - MAIN ENTRY--PERSONAL NAME
Personal name مر تبہ:سيد مظفر حسين بر نی
245 ## - TITLE STATEMENT
Title کليا ت مکا تيب ا قبا ل جلد سو م جنو ر ی 1929ء سے د سمبر 1934ء تک
Statement of responsibility, etc مر تبہ:سيد مظفر حسين بر نی
246 ## - VARYING FORM OF TITLE
Remainder of title Kulliyat-e-Makatib -e-Iqbal Vol.3(Jan.1929 to Dec.1934)(Urdu)
Title proper/short title Edited bySyed Muzafer Hussain Barni
260 ## - PUBLICATION, DISTRIBUTION, ETC. (IMPRINT)
Place of publication, distribution, etc Delhi
Name of publisher, distributor, etc Urdu Academy
Date of publication, distribution, etc 1993 ء
270 ## - ADDRESS
Address Ghata Masjid Road,Darya Ganj,
City N.Delhi
Postal code 2
Telephone number -
Fax number -
300 ## - PHYSICAL DESCRIPTION
Extent 1168 ص
Dimensions 22 Cm(Hb)
942 ## - ADDED ENTRY ELEMENTS (KOHA)
Source of classification or shelving scheme Dewey Decimal Classification
Item type Urdu Bks
Classification part 846
Call number suffix ا ق ب
Holdings
Withdrawn status Lost status Not for loan Collection code Home library Current library Date acquired Source of acquisition Cost, normal purchase price Full call number Barcode Copy number Cost, replacement price Koha item type
      Non-fiction Central Library Central Library 06/02/2020 BPPD/Ven. 200.00 846 ا ق ب A-842710 1 200.00 Urdu Bks

© Delhi Public Library
Hit Counter
free hit counter